000 00995nam a2200241 a 4500
001 78791
003 BD-RjUL
005 20211209083155.0
008 211115r20192011bg ||||| |||| 00| 0 ben d
020 _a9789840423262
_c: Tk.450.00
035 _a(BD-RjUL)79018
040 _aBD-RjUL
_beng
_cBD-RjUL
041 _aben
082 _223
_a954.9205092
_bSAB 2019
100 _aসরকার, মোনায়েম
_9250025
245 _a বঙ্গবন্ধুর রাজনীতি ও শেখ হাসিনা /
_cমোনায়েম সরকার
260 _aঢাকা :
_bআগামী প্রকাশনী,
_c২০১১ [মুদ্রন ২০১৯]
300 _a১৭২ পৃ.;
_c২২ সেমি.
600 _aমুজিবুর রহমান,
_cশেখ,
_d১৯২০-১৯৭৫
_9250029
600 _aMujibur Rahman,
_cSheikh,
_d1920-1975
_9250030
650 _aPolitics and government
_zBangladesh
_9250028
942 _2ddc
_cBK
999 _c78791
_d78791